000 00470cam a2200169 i 4500
020 _a0395206189
040 _cDLC
082 0 0 _a301 HOU 1976 A018 Or.
100 1 _aSaarinen, Thomas F.
245 1 0 _aEnvironmental planning :
_bperception and behavior /
260 _aBoston :
_bHoughton Mifflin,
_cc1976.
300 _axiii, 262 p. :
_bill. ;
_c24 cm.
650 0 _aEnvironmental protection
650 0 _aRegional planning.
650 0 _aCity planning.
942 _cEK
999 _c12244
_d12244